[Event "EU Union-ch U12"]
[Site "Kouty nad Desnou"]
[Date "2016.08.13"]
[Round "8"]
[White "Stephan, Sandro"]
[Black "Stephan, Kenzo"]
[Result "1/2-1/2"]
[WhiteElo "1741"]
[BlackElo "1859"]
[PlyCount "56"]
[EventDate "2016.08.06"]
[EventType "swiss"]
[EventRounds "9"]
[EventCountry "CZE"]
[SourceTitle "CBM 174 Extra"]
[Source "ChessBase"]
[SourceDate "2016.10.10"]
[SourceVersion "1"]
[SourceVersionDate "2016.10.10"]
[SourceQuality "1"]

1. e4 e6 2. d4 d5 3. exd5 exd5 4. Nf3 Nf6 5. Bf4 Bd6 6. Bxd6 Qxd6 7. c3 Bf5 8. Bd3 Bxd3 9. Qxd3 0-0 10. 0-0 Nbd7 11. Nbd2 Rfe8 12. Rfe1 h6 13. h3 c6 14. Nh4 Rxe1+ 15. Rxe1 Re8 16. Re3 Rxe3 17. Qxe3 Qe6 18. Qxe6 fxe6 19. g3 Kf7 20. f4 c5 21. Nhf3 b6 22. Kf2 Ne8 23. g4 cxd4 24. Nxd4 e5 25. fxe5 Nxe5 26. N4f3 Kf6 27. Nxe5 Kxe5 28. Ke3 g6 1/2-1/2

[Event "EU Union-ch U12"]
[Site "Kouty nad Desnou"]
[Date "2016.08.12"]
[Round "7"]
[White "Stephan, Kenzo"]
[Black "Likatavicius, Rapolas"]
[Result "0-1"]
[WhiteElo "1859"]
[BlackElo "1278"]
[PlyCount "66"]
[EventDate "2016.08.06"]
[EventType "swiss"]
[EventRounds "9"]
[EventCountry "CZE"]
[SourceTitle "CBM 174 Extra"]
[Source "ChessBase"]
[SourceDate "2016.10.10"]
[SourceVersion "1"]
[SourceVersionDate "2016.10.10"]
[SourceQuality "1"]

1. e4 d5 2. exd5 Nf6 3. d4 Nxd5 4. Nf3 g6 5. Be2 Bg7 6. 0-0 0-0 7. c4 Nb6 8. Nc3 c6 9. Be3 Bg4 10. Rc1 Bxf3 11. gxf3 e6 12. b3 N8d7 13. f4 Nf6 14. Bf3 Qc7 15. Bg2 Qd7 16. Qf3 Rfd8 17. Rfd1 Qe7 18. Rd3 Rd7 19. Rcd1 Rad8 20. a4 a5 21. R3d2 h6 22. d5 Qb4 23. dxc6 bxc6 24. Bxb6 Qxb6 25. Rxd7 Rxd7 26. Qxc6 Rxd1+ 27. Nxd1 Qxb3 28. Ne3 Qb4 29. h3 Nh5 30. c5 Bf8 31. Qd7 Qxc5 32. Ng4 Qc1+ 33. Bf1 Qxf4 0-1

[Event "FRA-ch U12"]
[Site "Pau"]
[Date "2015.04.27"]
[Round "3"]
[White "Stephan, Kenzo"]
[Black "Bunoust, Lucas"]
[Result "1-0"]
[WhiteElo "1656"]
[BlackElo "1842"]
[PlyCount "117"]
[EventDate "2015.04.26"]
[EventType "swiss"]
[EventRounds "9"]
[EventCountry "FRA"]
[SourceTitle "CBM 166 Extra"]
[Source "ChessBase"]
[SourceDate "2015.06.18"]
[SourceVersion "1"]
[SourceVersionDate "2015.06.18"]
[SourceQuality "1"]

1. e4 c5 2. Nf3 e6 3. c4 b6 4. Nc3 Bb7 5. d4 cxd4 6. Nxd4 d6 7. Be2 Nf6 8. f3 Be7 9. Be3 a6 10. 0-0 0-0 11. Qd2 Nbd7 12. Rfd1 Qc7 13. Rac1 Rac8 14. b3 Rfd8 15. Bf2 Qb8 16. Nc2 h6 17. Kh1 Nc5 18. Ne3 Qa8 19. b4 Ncd7 20. a3 Qa7 21. Bg3 Ne5 22. Qd4 Ng6 23. Na4 Rb8 24. Qc3 Bc6 25. Nb2 Rbc8 26. Qb3 a5 27. b5 Ba8 28. Na4 Nh5 29. Bf2 Nhf4 30. Bf1 Rb8 31. g3 Nh5 32. Bg2 Nf6 33. Nc2 d5 34. exd5 exd5 35. Ne3 Ne5 36. cxd5 Nxd5 37. Nxd5 Bg5 38. f4 Ng4 39. Bd4 Bf6 40. Nxf6+ gxf6 41. Bxa8 Qxa8+ 42. Kg1 Qe4 43. Qd3 Rxd4 44. Qxd4 Qe2 45. Qd2 Qxb5 46. Qc2 Qh5 47. Qe2 b5 48. Nb2 b4 49. axb4 axb4 50. Rd4 Kh7 51. f5 Qg5 52. Qd2 Qh5 53. Qe2 Qg5 54. Rf1 h5 55. Qd2 Qg7 56. Qf4 Rg8 57. Rxb4 h4 58. h3 hxg3 59. hxg4 1-0